| 000 | 01077pam a2200277 a 4500 | ||
|---|---|---|---|
| 999 |
_c4852 _d4852 |
||
| 001 | 3035070 | ||
| 003 | OSt | ||
| 005 | 20210929144900.0 | ||
| 008 | 950908s1996 caua b 001 0 eng | ||
| 010 | _a 95041427 | ||
| 020 | _a0120845628 (alk. paper) | ||
| 040 |
_aDLC _cDLC _dDLC |
||
| 082 | _aQY58 B388b 1996 | ||
| 100 | 1 |
_aBecker, Jeffrey M.; Caldwell, Guy A.; Zachgo, Eve Ann _910413 |
|
| 245 | 1 | 0 |
_aBiotechnology : _ba laboratory course |
| 250 | _a2nd ed. | ||
| 260 |
_aSan Diego : _bAcademic Press, _c1996. |
||
| 300 |
_axx, 261 p. : _bill. ; _c24 cm. |
||
| 504 | _aIncludes bibliographical references and index. | ||
| 650 | 0 |
_aBiotechnology _xLaboratory manuals. _910414 |
|
| 856 | 4 | 2 |
_3Publisher description _uhttp://www.loc.gov/catdir/description/els032/95041427.html |
| 856 | 4 | 1 |
_3Table of contents _uhttp://www.loc.gov/catdir/toc/els032/95041427.html |
| 906 |
_a7 _bcbc _corignew _d1 _eocip _f19 _gy-gencatlg |
||
| 942 |
_2z _cO_SHELF |
||